XNA Game Studio 4.0 programming : (Record no. 14986)
[ view plain ]
| 000 -LEADER | |
|---|---|
| fixed length control field | 01406cam a2200373 i 4500 |
| 001 - CONTROL NUMBER | |
| control field | 16557376 |
| 003 - CONTROL NUMBER IDENTIFIER | |
| control field | EG-ScBUE |
| 005 - DATE AND TIME OF LATEST TRANSACTION | |
| control field | 20230313114815.0 |
| 008 - FIXED-LENGTH DATA ELEMENTS--GENERAL INFORMATION | |
| fixed length control field | 101130t2011 njua f b 001 0 eng d |
| 020 ## - INTERNATIONAL STANDARD BOOK NUMBER | |
| International Standard Book Number | 0672333457 (alk. paper) |
| 020 ## - INTERNATIONAL STANDARD BOOK NUMBER | |
| International Standard Book Number | 9780672333453 |
| 040 ## - CATALOGING SOURCE | |
| Original cataloging agency | DLC |
| Language of cataloging | eng |
| Description conventions | rda |
| Transcribing agency | DLC |
| Modifying agency | EG-ScBUE |
| 082 04 - DEWEY DECIMAL CLASSIFICATION NUMBER | |
| Classification number | 794.81526 |
| Edition number | 22 |
| Item number | MIL |
| 100 1# - MAIN ENTRY--PERSONAL NAME | |
| Personal name | Miller, Tom, |
| Dates associated with a name | 1975- |
| Relator term | author. |
| 9 (RLIN) | 22481 |
| 245 10 - TITLE STATEMENT | |
| Title | XNA Game Studio 4.0 programming : |
| Remainder of title | developing for windows phone and Xbox 360 / |
| Statement of responsibility, etc | Tom Miller, Dean Johnson ; foreword by Shawn Hargreaves. |
| 264 #1 - PUBLICATION, DISTRIBUTION, ETC. (IMPRINT) | |
| Place of publication, distribution, etc | Upper Saddle River, NJ : |
| Name of publisher, distributor, etc | Addison-Wesley, |
| Date of publication, distribution, etc | [2011] |
| 264 #4 - PUBLICATION, DISTRIBUTION, ETC. (IMPRINT) | |
| Date of publication, distribution, etc | c2011 |
| 300 ## - PHYSICAL DESCRIPTION | |
| Extent | 505 pages : |
| Other physical details | illustrations ; |
| Dimensions | 22 cm |
| 336 ## - CONTENT TYPE | |
| Source | rdacontent |
| Content type term | text |
| Content type code | txt |
| 337 ## - MEDIA TYPE | |
| Source | rdamedia |
| Media type term | unmediated |
| Media type code | n |
| 338 ## - CARRIER TYPE | |
| Source | rdacarrier |
| Carrier type term | volume |
| Carrier type code | nc |
| 504 ## - BIBLIOGRAPHY, ETC. NOTE | |
| Bibliography, etc | Includes bibliographical references and index. |
| 630 07 - SUBJECT ADDED ENTRY--UNIFORM TITLE | |
| Uniform title | Microsoft XNA (Computer file) |
| Source of heading or term | BUEsh |
| 9 (RLIN) | 22482 |
| 630 07 - SUBJECT ADDED ENTRY--UNIFORM TITLE | |
| Uniform title | Windows phone (Computer file) |
| Source of heading or term | BUEsh |
| 9 (RLIN) | 22483 |
| 650 #7 - SUBJECT ADDED ENTRY--TOPICAL TERM | |
| Topical term or geographic name as entry element | Computer games |
| General subdivision | Programming. |
| Source of heading or term | BUEsh |
| 9 (RLIN) | 22484 |
| 650 #7 - SUBJECT ADDED ENTRY--TOPICAL TERM | |
| Topical term or geographic name as entry element | Computer games |
| General subdivision | Design. |
| Source of heading or term | BUEsh |
| 9 (RLIN) | 22485 |
| 650 #7 - SUBJECT ADDED ENTRY--TOPICAL TERM | |
| Topical term or geographic name as entry element | Xbox 360 (Video game console) |
| Source of heading or term | BUEsh |
| 9 (RLIN) | 22486 |
| 650 #7 - SUBJECT ADDED ENTRY--TOPICAL TERM | |
| Topical term or geographic name as entry element | Xbox video games. |
| Source of heading or term | BUEsh |
| 9 (RLIN) | 22487 |
| 653 ## - INDEX TERM--UNCONTROLLED | |
| Resource For college | Generalities |
| 655 ## - INDEX TERM--GENRE/FORM | |
| Form subdivision | Reading book |
| 700 1# - ADDED ENTRY--PERSONAL NAME | |
| Personal name | Johnson, Dean, |
| Dates associated with a name | 1982- |
| Relator term | author. |
| 9 (RLIN) | 22488 |
| 942 ## - ADDED ENTRY ELEMENTS (KOHA) | |
| Source of classification or shelving scheme | Dewey Decimal Classification |
| Koha item type | NB - Book (Non borrowing) |
| Withdrawn status | Lost status | Source of classification or shelving scheme | Damaged status | Not for loan | Collection code | Home library | Current library | Shelving location | Date acquired | Source of acquisition | Total Checkouts | Full call number | Barcode | Date last seen | Price effective from | Koha item type | Total Renewals | Date checked out |
|---|---|---|---|---|---|---|---|---|---|---|---|---|---|---|---|---|---|---|
| Dewey Decimal Classification | Baccah | Central Library | Central Library | Second Floor | 10/03/2011 | Purchase | 794.81526 MIL | 000022914 | 15/07/2025 | 10/03/2011 | NB - Book (Non borrowing) | |||||||
| Dewey Decimal Classification | Baccah | Central Library | Central Library | Second Floor | 10/03/2011 | Purchase | 1 | 794.81526 MIL | 000022915 | 15/07/2025 | 10/03/2011 | Book - Borrowing | 8 | 07/04/2011 | ||||
| Dewey Decimal Classification | Baccah | Central Library | Central Library | Second Floor | 10/03/2011 | Purchase | 1 | 794.81526 MIL | 000022916 | 15/07/2025 | 10/03/2011 | Book - Borrowing | 8 | 28/04/2011 | ||||
| Dewey Decimal Classification | Baccah | Central Library | Central Library | Second Floor | 10/10/2013 | Purchase | 794.81526 MIL | 000029387 | 15/07/2025 | 10/10/2013 | Book - Borrowing | |||||||
| Dewey Decimal Classification | Baccah | Central Library | Central Library | Second Floor | 10/10/2013 | Purchase | 794.81526 MIL | 000029388 | 15/07/2025 | 10/10/2013 | Book - Borrowing |